000
00263nam a22001097a 4500
008
170120b xxu||||| |||| 00| 0 eng d
020
_a
9780781759694
041
_a
eng
080
_a
618.2
245
_a
UNDERSTADING THE NURSING PROCESS
_c
MOYET, J.C
942
_2
udc
_c
BK
999
_c
3263
_d
3263